<?xml version="1.0" encoding="UTF-8"?><?xml-stylesheet type="text/xsl" href="static/style.xsl"?><OAI-PMH xmlns="http://www.openarchives.org/OAI/2.0/" xmlns:xsi="http://www.w3.org/2001/XMLSchema-instance" xsi:schemaLocation="http://www.openarchives.org/OAI/2.0/ http://www.openarchives.org/OAI/2.0/OAI-PMH.xsd"><responseDate>2026-04-13T03:02:42Z</responseDate><request verb="GetRecord" identifier="oai:www.recercat.cat:20.500.14342/2157" metadataPrefix="marc">https://recercat.cat/oai/request</request><GetRecord><record><header><identifier>oai:recercat.cat:20.500.14342/2157</identifier><datestamp>2025-03-11T20:22:09Z</datestamp><setSpec>com_2072_482405</setSpec><setSpec>com_2072_183628</setSpec><setSpec>col_2072_482411</setSpec></header><metadata><record xmlns="http://www.loc.gov/MARC21/slim" xmlns:dcterms="http://purl.org/dc/terms/" xmlns:xsi="http://www.w3.org/2001/XMLSchema-instance" xmlns:doc="http://www.lyncode.com/xoai" xsi:schemaLocation="http://www.loc.gov/MARC21/slim http://www.loc.gov/standards/marcxml/schema/MARC21slim.xsd">
   <leader>00925njm 22002777a 4500</leader>
   <datafield ind2=" " ind1=" " tag="042">
      <subfield code="a">dc</subfield>
   </datafield>
   <datafield ind2=" " ind1=" " tag="720">
      <subfield code="a">García Raga, Laura</subfield>
      <subfield code="e">author</subfield>
   </datafield>
   <datafield ind2=" " ind1=" " tag="720">
      <subfield code="a">Alguacil de Nicolás, Montserrat</subfield>
      <subfield code="e">author</subfield>
   </datafield>
   <datafield ind2=" " ind1=" " tag="720">
      <subfield code="a">Pañellas, Mercè</subfield>
      <subfield code="e">author</subfield>
   </datafield>
   <datafield ind2=" " ind1=" " tag="720">
      <subfield code="a">Boqué Torremorell, Maria Carme</subfield>
      <subfield code="e">author</subfield>
   </datafield>
   <datafield ind2=" " ind1=" " tag="260">
      <subfield code="c">2013</subfield>
   </datafield>
   <datafield ind2=" " ind1=" " tag="520">
      <subfield code="a">La investigación tiene como propósito diseñar y validar un instrumento
que permita valorar cómo se construye la paz mediante la educación. Se parte de una
fundamentación conceptual, seguida por una valoración de expertos y la realización
de un estudio piloto basado en el análisis de materiales curriculares y en la obtención
de datos mediante visitas a escuelas. Como resultado, se proporciona un instrumento
— Indicadores de Construcción de Cultura de Paz a través de la Educación (ICCPE) —
formado por cuatro principios y ocho estándares (marco referencial) que se especifican
en 39 indicadores y 156 descriptores (marco instrumental). El ICCPE permite concretar
los parámetros de la cultura de paz en el ámbito educativo, haciéndolos comprensibles
en su dimensión práctica y, por lo tanto, contribuyendo a hacerlos visibles para los
docentes.</subfield>
   </datafield>
   <datafield ind2=" " ind1=" " tag="520">
      <subfield code="a">This research aims at designing and validating an instrument to assess peace
building through education. To reach this objective, we developed a conceptual basis
upon the result of a documental analysis followed by a review by experts, a pilot study
based on the effective analysis of curriculum materials and data collection through
visits to schools. As a result, we obtained an instrument — Peacebuilding Indicators
through Education (PIE) — consisting of four principles and eight standards (reference
frame) specified in 39 indicators and 156 descriptors (instrumental frame). The PIE
contributes to establish the parameters of the culture of peace in education, making 
them understandable in its practical dimension and, therefore, helping to make them
visible to teachers.</subfield>
   </datafield>
   <datafield ind1="8" ind2=" " tag="024">
      <subfield code="a">http://hdl.handle.net/20.500.14342/2157</subfield>
   </datafield>
   <datafield tag="653" ind2=" " ind1=" ">
      <subfield code="a">Educació per a la pau</subfield>
   </datafield>
   <datafield ind2="0" ind1="0" tag="245">
      <subfield code="a">La construcción de la paz mediante la educación. Hacia el diseño de un instrumento de indicadores</subfield>
   </datafield>
</record></metadata></record></GetRecord></OAI-PMH>